000 00456nam a2200181Ia 4500
001 1257
005 20260306140619.0
008 260306t1993||||xx |||||||||||||| ||spa||
041 _aESP
082 _a190
_bC78
100 _aCoreth, Emerich SJ (Ed.)
_eAUT
245 0 _aFilosofía cristiana:
_ben el pensamiento católico de los siglos XIX Y XX
260 _c1993
300 _a
_c24 cm.
650 _aGEN
654 _aCHU
942 _cLIB
_dJUS
_fJUS
_2ddc
_n
999 _c1257
_d1257